00924pam a2200265 a 4500001000500000005001700005020001500022040002300037050002000060082001200080100002300092245003800115260003500153300005700188505001100245520009800256521002500354521002500379650002000404650001900424906004500443942001500488999001500503952014000518311920240207131723.0 a0590132075 aDLCcDLCdDLCbeng00aPZ7.W1675b198900a823.9141 aWalsh, Ellen Stoll10aMouse paint /cEllen Stoll Walsh. aNew York :bScholastic, c1989 a30 unnumbered pages :bcolor illustrations ;c19 cm. aG  aThree white mice discover jars of red, blue, and yellow paint and explore the world of color. a371 bLexile  aG bRaz-Plus  1aColorxFiction. 1aMicexFiction. a7bcbccorignewd1eocipf19gy-gencatlg 2ddccBKn0 c3119d3119 00102ddc40708JUVFa001b001cTTPd2024-02-07l2oWAL 823.914 PZ7.W1675pFISTK02375r2024-04-08 15:52:28s2024-03-26w2024-02-07yBK